Statistiques concernant Les marques de voitures.

Cliquez ici pour prendre le quiz!

Statistiques générales

  • Ce quiz a été pris 3 474 fois
    (3 375 depuis la dernière actualisation)
  • Le résultat moyen est 12 sur 14

Statistiques - réponses

CaractéristiquesOrigineMarques% Correct
Le losange gris.FrançaiseRenault
97%
Quatre cercle entrecroisés.AllemandeAudi
96%
Le lion de la Franche-ComtéFrançaisePeugeot
94%
Elle est originnaire de Modène.ItalienneFerrari
91%
A pour symbole et pour nom celui d'un rapide félin.BritanniqueJaguar
89%
Le logo aux trois branches.AllemandeMercedes
85%
Le taureau qui charge.ItalienneLamborghini
83%
"La voiture du peuple" en allemand.AllemandeVolkswagen
81%
Deux chevrons.FrançaiseCitroën
80%
Créée en 1913 par Lionel Martin.BritanniqueAston Martin
79%
Un cheval au galop.AméricaineMustang
79%
Une grande croix.AméricaineChevrolet
78%
Le trident.ItalienneMaserati
75%
Son logo est le blason de sa ville d'origine, Stuttgart.AllemandePorsche
69%

Distribution des résultats

Percentile par nombre de réponses

% des personnes avec chaque résultat

Votre développement - résultats

Vous n’avez pas pris ce quiz depuis la dernière actualisation